| 000 | 003440000a22001570004500 | ||
|---|---|---|---|
| 003 | MACL | ||
| 040 | _aMACL | ||
| 090 |
_c33114 _d33112 |
||
| 100 | _aBhatnagar, R P | ||
| 245 | _aEnglish for Competitive Examinations | ||
| 260 |
_bMacmillan _c2000 |
||
| 350 | _a96 | ||
| 650 | _aOld English | ||
| 942 |
_cBOOK _k420/BHA |
||
| 951 | _o420/BHA BOOK | ||
| 999 |
_c32772 _d32772 |
||